[Event "Memorial Kauska"]
[Site "?"]
[Date "2008.??.??"]
[Round "?"]
[White "Nedoma, Petr"]
[Black "Kýhos, Alois"]
[Result "1/2-1/2"]
[WhiteElo "2351"]
[BlackElo "2371"]
[PlyCount "86"]
[EventDate "2008.??.??"]
[EventType "corr"]
[SourceDate "2004.06.03"]

1. e4 e5 2. Nf3 Nc6 3. d4 exd4 4. Nxd4 Bc5 5. Be3 Qf6 6. Nb5 Bxe3 7. fxe3 Qh4+
8. g3 Qxe4 9. Nxc7+ Kd8 10. Nxa8 Qxh1 11. Qd6 Nf6 12. Nc3 Qf3 13. Qc7+ Ke7 14.
Qf4 Qxf4 15. gxf4 Kd8 16. O-O-O Re8 17. Nb5 Re7 18. Rd3 d5 19. Nd6 Be6 20. Ra3
Ne4 21. Nb5 b6 22. Bg2 Rb7 23. Rd3 f5 24. a3 g6 25. c4 Ne7 26. cxd5 Bxd5 27.
Nxa7 Rxa7 28. Nxb6 Rc7+ 29. Kb1 Rc5 30. a4 Kc7 31. b4 Kxb6 32. bxc5+ Kxc5 33.
Kc1 Nc6 34. Bxe4 fxe4 35. Rc3+ Bc4 36. Rc2 Na5 37. h4 Kb4 38. h5 Nb3+ 39. Kb2
Nc5 40. a5 gxh5 41. f5 h6 42. Rh2 Bf7 43. Kc2 Kxa5 1/2-1/2

[Event "Memorial Kauska"]
[Site "?"]
[Date "2008.??.??"]
[Round "?"]
[White "Nedoma, Petr"]
[Black "Pecka, Josef"]
[Result "1-0"]
[WhiteElo "2351"]
[BlackElo "2305"]
[PlyCount "33"]
[EventDate "2008.??.??"]
[EventType "corr"]
[SourceDate "2004.06.03"]

1. e4 e5 2. Nf3 Nc6 3. d4 exd4 4. Nxd4 Qh4 5. Nc3 Bb4 6. Be2 Nf6 7. Nf5 Qxe4 8.
Nxg7+ Kf8 9. Bh6 Kg8 10. Qd2 Qe5 11. f4 Qe7 12. O-O Ne4 13. Qd3 Nxc3 14. bxc3
Bc5+ 15. Kh1 Qf6 16. Qh3 Bf8 17. Rf3 1-0

[Event "Memorial Kauska"]
[Site "?"]
[Date "2008.??.??"]
[Round "?"]
[White "Nedoma, Petr"]
[Black "Sýkora, Josef"]
[Result "1/2-1/2"]
[WhiteElo "2351"]
[BlackElo "2322"]
[PlyCount "222"]
[EventDate "2008.??.??"]
[EventType "corr"]
[SourceDate "2004.06.03"]

1. e4 e5 2. Nf3 Nc6 3. d4 exd4 4. Nxd4 Bc5 5. Be3 Qf6 6. Nb5 Bxe3 7. fxe3 Qh4+
8. g3 Qd8 9. Qg4 g5 10. N1c3 Ne5 11. Qe2 d6 12. Nd4 c6 13. h3 Qe7 14. Qf2 Be6
15. Be2 O-O-O 16. O-O-O Nf6 17. Rhf1 Nfd7 18. g4 h5 19. gxh5 Bxh3 20. Rh1 Be6
21. Nf5 Bxf5 22. exf5 Nf6 23. e4 Kb8 24. Qe3 g4 25. h6 Rh7 26. Qf4 Rdh8 27. Rh2
Qf8 28. Rdh1 Kc7 29. Kb1 Ng8 30. Bxg4 Rxh6 31. Be2 Rxh2 32. Rxh2 Rxh2 33. Qxh2
Nf6 34. a3 a6 35. Qh3 Qg7 36. Qe3 Qh8 37. Ka2 Qh1 38. b4 Qe1 39. Kb3 Ned7 40.
Kb2 Nb6 41. Qd4 Nfd7 42. Kb3 Qc1 43. Qd1 Qe3 44. Qd3 Qg1 45. Qd1 Qf2 46. Qf1
Qe3 47. Qf3 Qd2 48. Qd3 Nc4 49. Qxd2 Nxd2+ 50. Kb2 Nf6 51. Bd3 Kd7 52. Kc1 Nf3
53. a4 Ke7 54. a5 Ne8 55. Be2 Ng5 56. Kd2 Kf6 57. Bf1 Ke5 58. Bg2 Nf6 59. Ke3
Ng4+ 60. Kd2 Nh7 61. Bf3 Nh2 62. Bg2 Nf6 63. Kd3 Nhg4 64. Bf3 Nf2+ 65. Ke3
N6g4+ 66. Ke2 Kf4 67. Bg2 Kg3 68. Bf3 Ne5 69. Bh5 f6 70. Ke3 Nc4+ 71. Kd4 Na3
72. Nd1 Nxc2+ 73. Kc3 Nxd1+ 74. Bxd1 Na3 75. Bb3 Nb5+ 76. Kd3 Kf3 77. Bf7 Na7
78. Be6 Kf4 79. Kd4 Kg5 80. Ke3 Kh6 81. Kf4 Kg7 82. Kg4 Kf8 83. Kh5 Ke7 84. Kg6
Nb5 85. Bc8 Nc7 86. Bxb7 c5 87. bxc5 dxc5 88. e5 c4 89. Bxa6 Nxa6 90. Kg7 Kd8
91. exf6 Nc5 92. a6 Kc8 93. f7 Nd7 94. a7 Kb7 95. a8=Q+ Kxa8 96. f6 c3 97.
f8=Q+ Nxf8 98. Kxf8 c2 99. f7 c1=Q 100. Ke7 Qc5+ 101. Ke8 Qe5+ 102. Kd7 Qf6
103. Ke8 Qe6+ 104. Kf8 Kb7 105. Kg8 Qg6+ 106. Kh8 Qh6+ 107. Kg8 Qe6 108. Kg7
Qe5+ 109. Kg8 Qg5+ 110. Kh7 Qf4 111. Kg6 Qxf7+ 1/2-1/2

[Event "Memorial Kauska"]
[Site "?"]
[Date "2008.??.??"]
[Round "?"]
[White "Nedoma, Petr"]
[Black "Valák, Alois"]
[Result "1/2-1/2"]
[WhiteElo "2351"]
[BlackElo "2350"]
[PlyCount "78"]
[EventDate "2008.??.??"]
[EventType "corr"]
[SourceDate "2004.06.03"]

1. e4 c5 2. Nf3 Nc6 3. d4 cxd4 4. Nxd4 Nf6 5. Nc3 e5 6. Ndb5 d6 7. Bg5 a6 8.
Na3 b5 9. Nd5 Be7 10. Bxf6 Bxf6 11. c3 Bg5 12. Nc2 O-O 13. h4 Bh6 14. g4 Bf4
15. Qf3 Be6 16. Nxf4 Qf6 17. g5 Qxf4 18. Qxf4 exf4 19. Nd4 Ne5 20. O-O-O Rad8
21. Be2 Bc8 22. h5 Bb7 23. f3 d5 24. Rh4 dxe4 25. fxe4 f6 26. Rxf4 fxg5 27.
Rxf8+ Rxf8 28. Ne6 Re8 29. Nxg5 h6 30. Nh3 Bxe4 31. Nf4 Rf8 32. Ne6 Rf6 33. Nc5
Bg2 34. Kc2 g5 35. hxg6 Kg7 36. a4 bxa4 37. Rd4 Bc6 38. Bxa6 h5 39. Nxa4 Nf3
1/2-1/2

[Event "Memorial Kauska"]
[Site "?"]
[Date "2008.??.??"]
[Round "?"]
[White "Nedoma, Petr"]
[Black "Volek, Stanislav"]
[Result "1-0"]
[WhiteElo "2351"]
[BlackElo "2317"]
[PlyCount "111"]
[EventDate "2008.??.??"]
[EventType "corr"]
[SourceDate "2004.06.03"]

1. e4 e5 2. Nf3 Nf6 3. Nxe5 d6 4. Nf3 Nxe4 5. d4 d5 6. Bd3 Bd6 7. O-O O-O 8. c4
c6 9. Re1 Bg4 10. h3 Bxf3 11. Qxf3 f5 12. Nc3 Bb4 13. a3 Ba5 14. Re2 Na6 15.
Rc2 Nc7 16. cxd5 cxd5 17. Bf4 Ne6 18. Be5 Rc8 19. Rac1 Bb6 20. Qd1 Kh8 21. Ne2
Rxc2 22. Qxc2 Qh4 23. Rf1 Qg5 24. Rd1 Qh4 25. f3 Qg5 26. Bb5 Nf6 27. Kh1 Ng8
28. Bd7 Qe7 29. Bc8 Nf6 30. Ng3 g6 31. Ne2 Kg7 32. Bxe6 Qxe6 33. Nf4 Qd7 34. g4
Kf7 35. gxf5 Qxf5 36. Qxf5 gxf5 37. Rg1 Ke8 38. Rg5 Rf7 39. Kg2 Nd7 40. Nxd5
Bd8 41. Rh5 Nb6 42. Nxb6 Bxb6 43. Kg3 Kd7 44. Rh6 Ba5 45. b4 Bd8 46. Kf4 Be7
47. d5 Bf8 48. Re6 Be7 49. Bd4 a6 50. Be5 Kd8 51. Bh8 Rf8 52. d6 Bh4 53. Rh6
Rxh8 54. Rxh4 h6 55. Kxf5 Kd7 56. f4 1-0

[Event "Memorial Kauska"]
[Site "?"]
[Date "2008.??.??"]
[Round "?"]
[White "Novák, Vratislav"]
[Black "Gubás, Jan"]
[Result "1/2-1/2"]
[WhiteElo "2305"]
[BlackElo "2343"]
[PlyCount "66"]
[EventDate "2008.??.??"]
[EventType "corr"]
[SourceDate "2004.06.03"]

1. e4 e5 2. Nf3 Nc6 3. Bb5 a6 4. Ba4 Nf6 5. O-O Be7 6. Re1 b5 7. Bb3 d6 8. c3
O-O 9. h3 Na5 10. Bc2 c5 11. d4 Qc7 12. Nbd2 cxd4 13. cxd4 Bb7 14. d5 Rac8 15.
Bd3 Nd7 16. Nf1 f5 17. Ng3 f4 18. Nf5 Bd8 19. Bd2 Nc4 20. Rc1 g6 21. Nh6+ Kg7
22. b3 Nc5 23. Bxc4 bxc4 24. Rxc4 Qb6 25. Ng4 Nd3 26. Rxc8 Bxc8 27. Re2 h5 28.
Ne3 Nxf2 29. Kxf2 g5 30. Kf1 fxe3 31. Bxe3 Qb5 32. Kg1 g4 33. hxg4 hxg4 1/2-1/2

[Event "Memorial Kauska"]
[Site "?"]
[Date "2008.??.??"]
[Round "?"]
[White "Novák, Vratislav"]
[Black "Kýhos, Alois"]
[Result "1-0"]
[WhiteElo "2305"]
[BlackElo "2371"]
[PlyCount "89"]
[EventDate "2008.??.??"]
[EventType "corr"]
[SourceDate "2004.06.03"]

1. e4 e5 2. Nf3 Nc6 3. Bb5 a6 4. Ba4 Nf6 5. O-O Be7 6. Re1 b5 7. Bb3 d6 8. c3
O-O 9. h3 Na5 10. Bc2 c5 11. d4 Qc7 12. Nbd2 cxd4 13. cxd4 Nc6 14. Nb3 a5 15.
Be3 a4 16. Nbd2 Bd7 17. Rc1 Qb7 18. Nf1 Rfe8 19. Ng3 Bd8 20. Bd3 h6 21. dxe5
dxe5 22. Rc5 b4 23. Nf5 Bxf5 24. exf5 Be7 25. Rb5 Qd7 26. Nxe5 Nxe5 27. Rxe5
Red8 28. Qb1 Rab8 29. Rxe7 Qxe7 30. Bf4 Qa7 31. Bxb8 Qxb8 32. Qc2 Qd6 33. Rd1
Qe5 34. Qxa4 Qxb2 35. Bc4 Rxd1+ 36. Qxd1 h5 37. g3 Qc3 38. Qd8+ Kh7 39. Qd3
Qe1+ 40. Kg2 Kg8 41. Qe3 Qb1 42. Qe7 Qe4+ 43. Qxe4 Nxe4 44. f3 h4 45. fxe4 1-0

[Event "Memorial Kauska"]
[Site "?"]
[Date "2008.??.??"]
[Round "?"]
[White "Novák, Vratislav"]
[Black "Nedoma, Petr"]
[Result "1/2-1/2"]
[WhiteElo "2305"]
[BlackElo "2351"]
[PlyCount "41"]
[EventDate "2008.??.??"]
[EventType "corr"]
[SourceDate "2004.06.03"]

1. e4 c5 2. Nf3 Nc6 3. Nc3 Nf6 4. Bb5 g6 5. h3 d6 6. e5 dxe5 7. Nxe5 Bd7 8.
Nxc6 Bxc6 9. Bxc6+ bxc6 10. O-O Bg7 11. Rb1 O-O 12. d3 Nd5 13. Ne4 Rb8 14. a3
a5 15. Qf3 Re8 16. c4 Nc3 17. Nxc3 Bxc3 18. Bf4 Rxb2 19. Qxc6 e5 20. Be3 Qc8
21. Qxc5 1/2-1/2

[Event "Memorial Kauska"]
[Site "?"]
[Date "2008.??.??"]
[Round "?"]
[White "Novák, Vratislav"]
[Black "Pecka, Josef"]
[Result "1/2-1/2"]
[WhiteElo "2305"]
[BlackElo "2305"]
[PlyCount "41"]
[EventDate "2008.??.??"]
[EventType "corr"]
[SourceDate "2004.06.03"]

1. e4 c5 2. Nf3 d6 3. d4 cxd4 4. Nxd4 Nf6 5. Nc3 a6 6. Be3 e6 7. f3 b5 8. g4
Nfd7 9. Qd2 Nb6 10. a4 Nc4 11. Bxc4 bxc4 12. O-O-O Nd7 13. Rhe1 Bb7 14. f4 Rc8
15. f5 e5 16. Nf3 Qa5 17. g5 Qb4 18. Qe2 Rb8 19. Ba7 Ra8 20. Bf2 Rb8 21. Ba7
1/2-1/2

[Event "Memorial Kauska"]
[Site "?"]
[Date "2008.??.??"]
[Round "?"]
[White "Novák, Vratislav"]
[Black "Popelka, Miloslav"]
[Result "1/2-1/2"]
[WhiteElo "2305"]
[BlackElo "2457"]
[PlyCount "71"]
[EventDate "2008.??.??"]
[EventType "corr"]
[SourceDate "2004.06.03"]

1. e4 c5 2. Nf3 d6 3. d4 cxd4 4. Nxd4 Nf6 5. Nc3 a6 6. Be3 e6 7. f3 b5 8. g4
Bb7 9. Qd2 Nfd7 10. a4 bxa4 11. Be2 Be7 12. Rxa4 O-O 13. O-O Nb6 14. Raa1 Qc7
15. Na4 Nxa4 16. Rxa4 d5 17. exd5 Bxd5 18. Qc3 Qd7 19. b3 Rc8 20. Qd2 Rd8 21.
c4 Bb7 22. Rd1 Qc8 23. Qe1 Nc6 24. Qf2 Ne5 25. h4 Qc7 26. h5 h6 27. Raa1 Nd7
28. Bd2 Bc5 29. Be3 Rab8 30. Kf1 Qb6 31. b4 Bxb4 32. Rab1 a5 33. Qg3 f6 34. Nc2
Qc6 35. Nxb4 axb4 36. Rxb4 1/2-1/2

[Event "Memorial Kauska"]
[Site "?"]
[Date "2008.??.??"]
[Round "?"]
[White "Novák, Vratislav"]
[Black "Sýkora, Josef"]
[Result "1/2-1/2"]
[WhiteElo "2305"]
[BlackElo "2322"]
[PlyCount "69"]
[EventDate "2008.??.??"]
[EventType "corr"]
[SourceDate "2004.06.03"]

1. e4 e5 2. Nf3 Nc6 3. Bb5 a6 4. Ba4 Nf6 5. O-O Be7 6. Re1 b5 7. Bb3 O-O 8. h3
d6 9. c3 Nb8 10. d4 Nbd7 11. Nbd2 Bb7 12. Bc2 Re8 13. Nf1 Bf8 14. Ng3 g6 15. a4
c5 16. d5 c4 17. Bg5 h6 18. Be3 Nc5 19. Qd2 h5 20. Bg5 Be7 21. Bh6 Nh7 22. Ra3
Rb8 23. Rea1 Bc8 24. axb5 axb5 25. Ra7 Bb7 26. Be3 Qb6 27. R1a3 Nf6 28. Qc1
Rec8 29. R3a5 Rc7 30. Ra2 Bc8 31. R7a5 Rcb7 32. Nf1 Qc7 33. N1d2 Bd7 34. Qf1
Nh7 35. Qe2 1/2-1/2

[Event "Memorial Kauska"]
[Site "?"]
[Date "2008.??.??"]
[Round "?"]
[White "Novák, Vratislav"]
[Black "Valák, Alois"]
[Result "1/2-1/2"]
[WhiteElo "2305"]
[BlackElo "2350"]
[PlyCount "91"]
[EventDate "2008.??.??"]
[EventType "corr"]
[SourceDate "2004.06.03"]

1. e4 c5 2. Nf3 d6 3. d4 cxd4 4. Nxd4 Nf6 5. Nc3 a6 6. Be3 e6 7. f3 Be7 8. Qd2
O-O 9. O-O-O b5 10. g4 Bb7 11. a3 Nc6 12. g5 Nd7 13. h4 Nde5 14. Nxc6 Bxc6 15.
f4 Ng4 16. Bg1 h5 17. gxh6 Nxh6 18. Bd4 e5 19. fxe5 dxe5 20. Bxe5 Qxd2+ 21.
Rxd2 Ng4 22. Bd6 Bxd6 23. Rxd6 Ne5 24. Nd5 Kh7 25. Be2 Rad8 26. Rxd8 Rxd8 27.
Rd1 Rh8 28. Nb4 Bxe4 29. Nxa6 Kg6 30. h5+ Kg5 31. Rg1+ Kh6 32. Nc5 Bc6 33. c3
Rb8 34. Rd1 Kg5 35. Rd6 Kf4 36. Nd3+ Nxd3+ 37. Bxd3 Bf3 38. Kd2 f5 39. Rd4+ Ke5
40. Rb4 Bxh5 41. c4 Bf3 42. Rxb5+ Rxb5 43. cxb5 g5 44. b6 Bc6 45. a4 g4 46. a5
1/2-1/2

[Event "Memorial Kauska"]
[Site "?"]
[Date "2008.??.??"]
[Round "?"]
[White "Pecka, Josef"]
[Black "Dedina, Miroslav"]
[Result "1-0"]
[WhiteElo "2305"]
[BlackElo "2366"]
[PlyCount "81"]
[EventDate "2008.??.??"]
[EventType "corr"]
[SourceDate "2004.06.03"]

1. e4 c6 2. d4 d5 3. e5 c5 4. dxc5 Nc6 5. Bb5 e6 6. Be3 Nh6 7. Bxh6 gxh6 8. c4
Rg8 9. Nc3 a6 10. Bxc6+ bxc6 11. g3 Rb8 12. cxd5 exd5 13. Nf3 Rxb2 14. O-O Qa5
15. Qd3 Rg4 16. e6 Bxe6 17. Ne5 Bg7 18. Nxg4 Qxc3 19. Qxa6 Bxg4 20. Rae1+ Be6
21. Qxc6+ Ke7 22. Qd6+ Kf6 23. Re3 Qd4 24. c6 Rc2 25. h4 Kg6 26. Rfe1 Be5 27.
Qxe5 Qxe5 28. Rxe5 Rxc6 29. a4 Ra6 30. Ra1 Ra5 31. Re3 Bd7 32. Rd3 h5 33. Rd4
Kf6 34. Rf4+ Ke7 35. f3 f6 36. Kf2 Ke6 37. Ke3 Bc6 38. Kd3 Bb5+ 39. Kc3 Bc4 40.
Kb4 Ra8 41. a5 1-0

[Event "Memorial Kauska"]
[Site "?"]
[Date "2008.??.??"]
[Round "?"]
[White "Pecka, Josef"]
[Black "Kostál, Jindrich"]
[Result "1/2-1/2"]
[WhiteElo "2305"]
[BlackElo "2377"]
[PlyCount "83"]
[EventDate "2008.??.??"]
[EventType "corr"]
[SourceDate "2004.06.03"]

1. e4 e5 2. f4 exf4 3. Bc4 Nf6 4. Nc3 c6 5. Bb3 d5 6. exd5 cxd5 7. d4 Bb4 8.
Bxf4 Qe7+ 9. Qe2 Bxc3+ 10. bxc3 Qxe2+ 11. Nxe2 Be6 12. O-O Nbd7 13. Bd6 Ne4 14.
Ba3 Ndf6 15. Nf4 Nxc3 16. Bb4 Nce4 17. c4 dxc4 18. Nxe6 fxe6 19. Bxc4 a5 20.
Be1 Ke7 21. Rb1 Nd6 22. Bd3 Rhc8 23. Rf3 Rc6 24. Rg3 Kf7 25. Rf3 b6 26. Bxh7
Rac8 27. h4 Rc1 28. Rf1 Rxb1 29. Bxb1 Rc1 30. Bd2 Rxf1+ 31. Kxf1 Nb5 32. Ke2
Nxd4+ 33. Kd3 Nf5 34. Be1 Ke7 35. a4 Nd7 36. Bc2 Nc5+ 37. Kd2 Nd4 38. Bd1 Kd6
39. h5 e5 40. g4 Ne4+ 41. Kd3 Kd5 42. Ke3 1/2-1/2

[Event "Memorial Kauska"]
[Site "?"]
[Date "2008.??.??"]
[Round "?"]
[White "Pecka, Josef"]
[Black "Kýhos, Alois"]
[Result "1/2-1/2"]
[WhiteElo "2305"]
[BlackElo "2371"]
[PlyCount "106"]
[EventDate "2008.??.??"]
[EventType "corr"]
[SourceDate "2004.06.03"]

1. e4 e5 2. f4 exf4 3. Bc4 Nf6 4. Nc3 c6 5. Bb3 d5 6. exd5 cxd5 7. d4 Bd6 8.
Nge2 O-O 9. Bxf4 Bxf4 10. Nxf4 Re8+ 11. Nfe2 Ng4 12. Nxd5 Be6 13. h3 Nh6 14.
Ndf4 Bxb3 15. axb3 Qh4+ 16. Kf1 Nc6 17. Qe1 Qg5 18. Qf2 Re4 19. Kg1 Rae8 20.
Kh2 Nf5 21. c3 a6 22. Rhe1 Ne3 23. Nd3 Nc2 24. Rf1 R4e7 25. Rab1 Ne3 26. Rfe1
Qb5 27. Nec1 f5 28. Kg1 g5 29. Ra1 Qd5 30. Qf3 Qf7 31. Qg3 Qf6 32. b4 f4 33.
Qf3 Qg6 34. Ra2 Rf8 35. b3 h5 36. Qf2 Qh6 37. Ne2 Nd5 38. Qf3 Rd8 39. Nec1 g4
40. hxg4 hxg4 41. Qxg4+ Rg7 42. Qf3 Rg3 43. Re8+ Rxe8 44. Qxd5+ Kh8 45. Rf2 Rg5
46. Qd7 Re7 47. Qc8+ Rg8 48. Qf5 Rf8 49. Qh3 Qxh3 50. gxh3 Re3 51. Kf1 Kh7 52.
Rg2 Rxh3 53. Rg4 f3 1/2-1/2

[Event "Memorial Kauska"]
[Site "?"]
[Date "2008.??.??"]
[Round "?"]
[White "Pecka, Josef"]
[Black "Schwarz, Jan"]
[Result "1/2-1/2"]
[WhiteElo "2305"]
[BlackElo "2325"]
[PlyCount "55"]
[EventDate "2008.??.??"]
[EventType "corr"]
[SourceDate "2004.06.03"]

1. e4 c5 2. Nf3 d6 3. d4 cxd4 4. Nxd4 Nf6 5. Nc3 a6 6. Bg5 e6 7. f4 Qc7 8. Bxf6
gxf6 9. Qd2 Nc6 10. O-O-O Bd7 11. Kb1 O-O-O 12. f5 h5 13. Bc4 Bh6 14. Qe2 Nxd4
15. Rxd4 Kb8 16. Rf1 Qc5 17. Qd3 Bc8 18. Na4 Qe5 19. Nb6 Rhg8 20. g3 h4 21.
gxh4 Rg4 22. fxe6 fxe6 23. Bb3 Rxh4 24. Nxc8 Kxc8 25. Rd1 Rxh2 26. a4 Rh4 27.
Qc4+ Kb8 28. Qxe6 1/2-1/2

[Event "Memorial Kauska"]
[Site "?"]
[Date "2008.??.??"]
[Round "?"]
[White "Pecka, Josef"]
[Black "Sýkora, Josef"]
[Result "1/2-1/2"]
[WhiteElo "2305"]
[BlackElo "2322"]
[PlyCount "53"]
[EventDate "2008.??.??"]
[EventType "corr"]
[SourceDate "2004.06.03"]

1. e4 e5 2. Nf3 Nc6 3. c3 Nf6 4. d4 Nxe4 5. d5 Ne7 6. Nxe5 Ng6 7. Qe2 Qe7 8.
Qxe4 Qxe5 9. Qxe5+ Nxe5 10. Bf4 Bd6 11. Nd2 O-O 12. O-O-O b6 13. g3 Ng4 14.
Bxd6 cxd6 15. Ne4 f5 16. Be2 fxe4 17. Bxg4 Rxf2 18. Rd2 e3 19. Rxf2 exf2 20.
Kd2 Ba6 21. Be2 Bb7 22. c4 b5 23. Ke3 bxc4 24. Bxc4 Rf8 25. Rf1 Re8+ 26. Kd3
Rf8 27. Ke4 1/2-1/2

[Event "Memorial Kauska"]
[Site "?"]
[Date "2008.??.??"]
[Round "?"]
[White "Pecka, Josef"]
[Black "Valák, Alois"]
[Result "1/2-1/2"]
[WhiteElo "2305"]
[BlackElo "2350"]
[PlyCount "93"]
[EventDate "2008.??.??"]
[EventType "corr"]
[SourceDate "2004.06.03"]

1. e4 c5 2. Nf3 Nc6 3. d4 cxd4 4. Nxd4 Nf6 5. Nc3 e5 6. Ndb5 d6 7. Nd5 Nxd5 8.
exd5 Nb8 9. Qf3 Be7 10. Qc3 Na6 11. Be3 O-O 12. Nxa7 Bg5 13. Nb5 Bxe3 14. Qxe3
f5 15. Be2 f4 16. Qd2 Nc5 17. Nc3 Qg5 18. g3 Na4 19. Nxa4 Rxa4 20. c3 Qf5 21.
g4 Qf6 22. h3 Qh4 23. Qc2 Bd7 24. b3 Ra7 25. Bf3 b5 26. Qe2 Rc8 27. Rc1 Rac7
28. Qd3 Ra8 29. Rc2 Ra3 30. Be4 Rca7 31. Qe2 g6 32. Kf1 Ra8 33. Kg2 Kg7 34. Bf3
R3a5 35. Ra1 h5 36. Rh1 Rc8 37. Kf1 Raa8 38. Ke1 hxg4 39. hxg4 Qg5 40. Kd1 Rc5
41. Be4 Bxg4 42. f3 Bf5 43. Qh2 Bxe4 44. fxe4 Qg4+ 45. Kc1 f3 46. Qh7+ Kf6 47.
Qh3 1/2-1/2

[Event "Memorial Kauska"]
[Site "?"]
[Date "2008.??.??"]
[Round "?"]
[White "Pecka, Josef"]
[Black "Volek, Stanislav"]
[Result "1/2-1/2"]
[WhiteElo "2305"]
[BlackElo "2317"]
[PlyCount "43"]
[EventDate "2008.??.??"]
[EventType "corr"]
[SourceDate "2004.06.03"]

1. e4 e5 2. f4 exf4 3. Bc4 Nf6 4. Nc3 Nc6 5. Nf3 Na5 6. Be2 d5 7. exd5 Nxd5 8.
O-O Nxc3 9. bxc3 Bd6 10. d4 O-O 11. Ne5 Bxe5 12. dxe5 Qxd1 13. Rxd1 Be6 14.
Bxf4 Rad8 15. Rd4 b6 16. Rad1 Nc6 17. R4d3 Bf5 18. Rxd8 Rxd8 19. Rxd8+ Nxd8 20.
Bd3 Be6 21. a3 h6 22. Be4 1/2-1/2

[Event "Memorial Kauska"]
[Site "?"]
[Date "2008.??.??"]
[Round "?"]
[White "Popelka, Miloslav"]
[Black "Gubás, Jan"]
[Result "1-0"]
[WhiteElo "2457"]
[BlackElo "2343"]
[PlyCount "93"]
[EventDate "2008.??.??"]
[EventType "corr"]
[SourceDate "2004.06.03"]

1. e4 e5 2. Nf3 Nc6 3. Bb5 a6 4. Ba4 Nf6 5. O-O Bc5 6. c3 b5 7. Bc2 d6 8. d4
Bb6 9. a4 Bd7 10. Bg5 h6 11. Bxf6 gxf6 12. Bd3 Ne7 13. Na3 c6 14. Nc2 O-O 15.
Nh4 Ng6 16. Qh5 Kg7 17. Nf5+ Bxf5 18. Qxf5 Nf4 19. Rfd1 Rg8 20. g3 Kh8 21. h4
Rc8 22. Kf1 Nxd3 23. Rxd3 exd4 24. Nxd4 Bxd4 25. Qf4 Kg7 26. Rxd4 Qe7 27. axb5
axb5 28. Rxd6 Rgd8 29. Rad1 h5 30. g4 Rxd6 31. Rxd6 Qe5 32. Qxe5 fxe5 33. gxh5
b4 34. Ke2 c5 35. Rd5 f6 36. Kf3 b3 37. c4 Ra8 38. Rd3 Ra1 39. Rxb3 Rc1 40. Rc3
Rb1 41. b3 Rb2 42. Kg3 Kh6 43. Rf3 Kxh5 44. Rxf6 Rxb3+ 45. f3 Rb4 46. Rf5+ Kh6
47. Rxe5 1-0

[Event "Memorial Kauska"]
[Site "?"]
[Date "2008.??.??"]
[Round "?"]
[White "Popelka, Miloslav"]
[Black "Kýhos, Alois"]
[Result "1-0"]
[WhiteElo "2457"]
[BlackElo "2371"]
[PlyCount "99"]
[EventDate "2008.??.??"]
[EventType "corr"]
[SourceDate "2004.06.03"]

1. e4 e5 2. Nf3 Nc6 3. Bb5 a6 4. Ba4 Nf6 5. O-O Be7 6. Re1 b5 7. Bb3 d6 8. c3
O-O 9. h3 Na5 10. Bc2 c5 11. d4 Qc7 12. Nbd2 cxd4 13. cxd4 Nc6 14. Nb3 a5 15.
Be3 a4 16. Nbd2 Nb4 17. Bb1 Bd7 18. a3 Nc6 19. Bd3 Qb8 20. Qe2 Na5 21. Rac1 Re8
22. Rc2 Bd8 23. dxe5 dxe5 24. Nh4 Nb3 25. Rd1 Bb6 26. Nxb3 axb3 27. Rc3 Ba5 28.
Rxb3 b4 29. axb4 Ba4 30. Ra1 Bxb4 31. Rxa4 Rxa4 32. Kh2 Qa8 33. Bb5 Rc8 34. Nf5
Bf8 35. Bxa4 Qxa4 36. Rb6 Qxe4 37. Nh6+ gxh6 38. Rxf6 Bg7 39. Rb6 Qf5 40. b4 e4
41. Qg4 Qxg4 42. hxg4 Bf8 43. b5 Rd8 44. Rc6 Rd3 45. b6 Rb3 46. Kg3 Be7 47. Kf4
Bg5+ 48. Ke5 Bxe3 49. fxe3 Kg7 50. Kd6 1-0

[Event "Memorial Kauska"]
[Site "?"]
[Date "2008.??.??"]
[Round "?"]
[White "Popelka, Miloslav"]
[Black "Nedoma, Petr"]
[Result "1/2-1/2"]
[WhiteElo "2457"]
[BlackElo "2351"]
[PlyCount "85"]
[EventDate "2008.??.??"]
[EventType "corr"]
[SourceDate "2004.06.03"]

1. e4 c5 2. Nf3 Nc6 3. Nc3 Nf6 4. Bb5 g6 5. h3 d6 6. e5 dxe5 7. Nxe5 Bd7 8.
Nxc6 Bxc6 9. Bxc6+ bxc6 10. d3 Nd5 11. Ne4 f5 12. Ng5 e5 13. Ne6 Qd6 14. Nxf8
Rxf8 15. O-O Kf7 16. Re1 Rfe8 17. b3 Kg8 18. Qd2 Re7 19. Bb2 Rae8 20. Rad1 Qb8
21. c4 Nf6 22. f4 Nd7 23. fxe5 Nxe5 24. Kf1 Nd7 25. Rxe7 Rxe7 26. d4 Kf7 27. d5
Qd6 28. dxc6 Qxc6 29. Qd6 Qe4 30. Kg1 Qe2 31. Bc1 Nf6 32. Bg5 Re6 33. Qd8 Re7
34. a3 Qe5 35. b4 Re8 36. Qxf6+ Qxf6 37. Bxf6 Kxf6 38. Rd6+ Kg5 39. b5 Re4 40.
Rd7 Kf4 41. Rxh7 Kg3 42. Kf1 Rf4+ 43. Ke2 1/2-1/2

[Event "Memorial Kauska"]
[Site "?"]
[Date "2008.??.??"]
[Round "?"]
[White "Popelka, Miloslav"]
[Black "Pecka, Josef"]
[Result "1-0"]
[WhiteElo "2457"]
[BlackElo "2305"]
[PlyCount "127"]
[EventDate "2008.??.??"]
[EventType "corr"]
[SourceDate "2004.06.03"]

1. e4 e6 2. d4 d5 3. Nd2 Nf6 4. e5 Nfd7 5. c3 c5 6. Bd3 Nc6 7. Ne2 cxd4 8. cxd4
f6 9. exf6 Nxf6 10. Nf3 Bd6 11. O-O O-O 12. Bf4 Bxf4 13. Nxf4 Ne4 14. Qc1 Ng5
15. Nxg5 Qxg5 16. Bxh7+ Kxh7 17. Nxe6 Qf5 18. Nxf8+ Qxf8 19. Re1 Bf5 20. Qg5
Qf7 21. f3 Qg6 22. Qxg6+ Kxg6 23. Rad1 Bd7 24. h4 Rf8 25. Kf2 Bf5 26. a3 Kh5
27. g3 Bh3 28. Re3 a6 29. Rh1 Bd7 30. Rc1 Rf6 31. Kg2 Rd6 32. Rd1 Rf6 33. b4
Rh6 34. Rb1 Rd6 35. Rd3 Ne7 36. Re1 Nc6 37. Rh1 Kh6 38. g4 Re6 39. Kf2 g6 40.
Re1 Rd6 41. Kg3 Kg7 42. f4 Rf6 43. Rh1 Rf8 44. Re3 Re8 45. Rxe8 Bxe8 46. Rh2
Bf7 47. Rc2 Kf6 48. Rc5 Ke6 49. b5 Nxd4 50. bxa6 bxa6 51. Ra5 Nb5 52. Rxa6+ Nd6
53. a4 d4 54. a5 Kd5 55. Kf3 Kc5 56. Ra7 Bd5+ 57. Ke2 Be6 58. f5 gxf5 59. Rc7+
Kb5 60. g5 f4 61. a6 Bd5 62. a7 f3+ 63. Kd3 f2 64. Rc1 1-0

[Event "Memorial Kauska"]
[Site "?"]
[Date "2008.??.??"]
[Round "?"]
[White "Popelka, Miloslav"]
[Black "Sýkora, Josef"]
[Result "1/2-1/2"]
[WhiteElo "2457"]
[BlackElo "2322"]
[PlyCount "59"]
[EventDate "2008.??.??"]
[EventType "corr"]
[SourceDate "2004.06.03"]

1. e4 e5 2. Nf3 Nc6 3. Bb5 a6 4. Ba4 Nf6 5. O-O Be7 6. Re1 b5 7. Bb3 O-O 8. c3
d6 9. h3 Nb8 10. d4 Nbd7 11. Nbd2 Bb7 12. Bc2 Re8 13. Nf1 Bf8 14. Ng3 g6 15. a4
c5 16. d5 c4 17. Bg5 h6 18. Be3 Nc5 19. Qd2 h5 20. Bg5 Be7 21. Bh6 Nfd7 22. Be3
Qc7 23. Qe2 Bf6 24. Nd2 Nb6 25. a5 Nbd7 26. Rec1 Rac8 27. Re1 Bg7 28. Qd1 Nf6
29. Bg5 Nh7 30. Be3 1/2-1/2

[Event "Memorial Kauska"]
[Site "?"]
[Date "2008.??.??"]
[Round "?"]
[White "Popelka, Miloslav"]
[Black "Valák, Alois"]
[Result "1/2-1/2"]
[WhiteElo "2457"]
[BlackElo "2350"]
[PlyCount "61"]
[EventDate "2008.??.??"]
[EventType "corr"]
[SourceDate "2004.06.03"]

1. e4 c5 2. Nf3 d6 3. d4 cxd4 4. Nxd4 Nf6 5. Nc3 a6 6. Be3 e6 7. f3 Be7 8. Qd2
Nc6 9. O-O-O O-O 10. g4 Nxd4 11. Bxd4 b5 12. g5 Nd7 13. h4 b4 14. Na4 Qa5 15.
b3 Nc5 16. Bxc5 dxc5 17. Qf4 Rd8 18. Rxd8+ Qxd8 19. Bc4 Bb7 20. Rd1 Qb8 21. e5
Qc7 22. h5 g6 23. hxg6 hxg6 24. Rh1 Bf8 25. Bd3 Bg7 26. Re1 Rd8 27. Qe3 a5 28.
f4 Rd4 29. Re2 Qc6 30. Rh2 Qd5 31. Nb6 1/2-1/2

[Event "Memorial Kauska"]
[Site "?"]
[Date "2008.??.??"]
[Round "?"]
[White "Popelka, Miloslav"]
[Black "Volek, Stanislav"]
[Result "1-0"]
[WhiteElo "2457"]
[BlackElo "2317"]
[PlyCount "69"]
[EventDate "2008.??.??"]
[EventType "corr"]
[SourceDate "2004.06.03"]

1. e4 e5 2. Nf3 Nf6 3. Nxe5 d6 4. Nf3 Nxe4 5. d4 d5 6. Bd3 Bd6 7. O-O O-O 8. c4
c6 9. Qc2 Na6 10. a3 Bg4 11. Ne5 Bxe5 12. dxe5 Nac5 13. f3 Be6 14. b4 Nb3 15.
Ra2 Nxc1 16. Qxc1 Ng5 17. Rd2 f5 18. cxd5 Bxd5 19. Nc3 Ne6 20. Nxd5 cxd5 21.
Bb1 Qb6+ 22. Kh1 Rac8 23. Qd1 Nc7 24. Ba2 Qe3 25. Bxd5+ Nxd5 26. Rxd5 Qxa3 27.
Rd7 Qxb4 28. Qd5+ Kh8 29. e6 Rfe8 30. Rd1 f4 31. h3 a5 32. Kh2 h6 33. Qe5 Qf8
34. e7 Qg8 35. Rxb7 1-0